Organizácia stavebných procesov I. : Kalendárne plánovanie
Saved in:
| Main Authors: | , |
|---|---|
| Format: | Book |
| Language: | Slovak |
| Published: |
Bratislava :
SVŠT v Bratislave,
1976
|
| Edition: | 3.vyd. |
| Tags: |
No Tags, Be the first to tag this record!
|
MARC
| LEADER | 00000nam a22000003a 4500 | ||
|---|---|---|---|
| 001 | stu91985 | ||
| 005 | 20150617225622.6 | ||
| 008 | 041207s1976----cs------------------slo-d | ||
| 040 | |a STU |b slo | ||
| 041 | 0 | |a slo | |
| 044 | |a cs | ||
| 080 | |a 624.05(075.8) | ||
| 080 | |a 69.05(075.8) | ||
| 100 | 1 | |a Synek, Vladimír |4 aut | |
| 245 | 1 | |a Organizácia stavebných procesov I. : |b Kalendárne plánovanie | |
| 250 | |a 3.vyd. | ||
| 260 | |a Bratislava : |b SVŠT v Bratislave, |c 1976 | ||
| 300 | |a 352 s | ||
| 700 | 1 | |a Kulka, Pavol |4 aut | |
| 996 | |b 284V025042 |c V*2288/S-77 |l VVS |s A |a 24 |w stu91985_0001 | ||
| 996 | |b 284V024987 |c V*2090/S-77 |l VVS |s A |a 24 |w stu91985_0002 | ||